Wer ist älter? #2 - Statistiken

Allgemein
  • Dieses Quiz wurde 189 mal gespielt
  • Das Durchschnittsergebnis liegt bei 7 aus 12
Antwortstatistiken
Frage Antwort % Korrekt
Aktuelle Musik. Ed Sheeran
86%
Wer schon einmal Präsident der Vereinigten Staaten war und wer es vielleicht noch wird. Barack Obama
75%
Leider nicht mehr in der Nationalmannschaft vertreten. Thomas Müller
75%
Das ist malerisch einfach. Vincent van Gogh
71%
Die Stars von heute: YouTuber. Paluten (Patrick Mayer)
64%
Na gut, nun kommen im zweiten Teil auch noch die beiden anderen Beatles. Ringo Starr
54%
Physiknobelpreisträger. Wilhelm Conrad Röntgen
54%
Kann man wissen, muss man nicht aber nicht. Wolfgang Amadeus Mozart
54%
Der Kanzler und sein Gesundheitsminister. Olaf Scholz
50%
Die alten Stars. Reinhard Mey
50%
Der, der den Seeweg nach Indien suchte und der, der ihn fand. Christoph Kolumbus
46%
Nochmal Politik: Die alte Bundeskanzlerin und der Bundespräsident. Angela Merkel
43%
Keine übereinstimmenden Quizze gefunden
Verteilung der Resultate
Anzahl Personen mit jedem Resultat
Perzentil nach korrekt beantworteten Fragen
Ihre Resultats-Entwicklung
Sie haben dieses Quiz noch nicht gespielt